000
00317nam a2200121Ia 4500
008
220204s9999 xx 000 0 und d
082
_a
336.215
_b
LAK
100
_a
LAKHOTIA, Ram Nivas
245
0
_a
All about income tax: The easy way
260
_a
Calcutta
_b
Asha Pub house
_c
1984
650
_a
Income tax
942
_c
BK
999
_c
38497
_d
38497